Change management Praktické metody a nástroje

Saved in:
Bibliographic Details
Main Author Vrabcová, Pavla
Other Authors Hana Urbancová
Format Electronic eBook
LanguageCzech
Published Grada 2026
Edition1. elektronické vydání
Subjects
Online AccessDostupné v BOOKPORT po přihlášení pomocí eduID
ISBN978-80-271-8374-6
978-80-271-5793-8
Physical Description1 online zdroj (176 stran)

Cover

LEADER 00000nam a2200000 i 4500
001 bkp14890
003 CZ-prgp
005 20260407112622.0
006 m o d
007 cr cn
008 260407s2026 xr o 000 0 cze
020 |a 978-80-271-8374-6  |c 297 Kč  |q (online ; pdf) 
020 |a 978-80-271-5793-8  |c 355 Kč  |q (print) 
040 |a Grada  |b cze  |e rda 
100 1 |a Vrabcová, Pavla 
245 1 0 |a Change management  |b Praktické metody a nástroje  |c Pavla Vrabcová, Hana Urbancová 
250 |a 1. elektronické vydání 
264 1 |b Grada  |c 2026 
300 |a 1 online zdroj (176 stran) 
336 |a text  |b txt  |2 rdacontent 
337 |a počítač  |b c  |2 rdamedia 
338 |a online zdroj  |b cr  |2 rdacarrier 
520 3 |a Chcete mít jistotu, že vaše organizace obstojí v době neustálých změn? Tato kniha je praktickým průvodcem pro všechny, kteří chtějí nejen reagovat na nové výzvy, ale proměnit je v konkurenční výhodu. Ovládněte umění transformace a přetavte změny ve svůj náskok před konkurencí! 
650 0 4 |a Podnikání a management 
700 1 |a Hana Urbancová 
856 4 0 |u https://www.bookport.cz/AccountSaml/SignIn/?idp=https://shibboleth.utb.cz/idp/shibboleth&returnUrl=/kniha/change-management-15918/  |y Dostupné v BOOKPORT po přihlášení pomocí eduID